Introduction to pharmacology (Record no. 7094)
[ view plain ]
| 000 -LEADER | |
|---|---|
| fixed length control field | 00423nam a2200181Ia 4500 |
| 008 - FIXED-LENGTH DATA ELEMENTS--GENERAL INFORMATION | |
| fixed length control field | 230711s9999||||xx |||||||||||||| ||und|| |
| 020 ## - INTERNATIONAL STANDARD BOOK NUMBER | |
| International Standard Book Number | 81-85731-33-0 |
| 041 ## - LANGUAGE CODE | |
| Language code of text/sound track or separate title | ENG |
| 082 ## - DEWEY DECIMAL CLASSIFICATION NUMBER | |
| Classification number | 615.1 |
| Item number | DA-P |
| 100 ## - MAIN ENTRY--PERSONAL NAME | |
| Personal name | Dandiya,P.C |
| 245 #0 - TITLE STATEMENT | |
| Title | Introduction to pharmacology |
| 250 ## - EDITION STATEMENT | |
| Edition statement | 7th Ed. |
| 260 ## - PUBLICATION, DISTRIBUTION, ETC. | |
| Date of publication, distribution, etc. | 2008 |
| Place of publication, distribution, etc. | Delhi |
| Name of publisher, distributor, etc. | Vallabh Prakashan |
| 300 ## - PHYSICAL DESCRIPTION | |
| Extent | 576p. |
| 650 ## - SUBJECT ADDED ENTRY--TOPICAL TERM | |
| Topical term or geographic name entry element | Pharmacy |
| 700 ## - ADDED ENTRY--PERSONAL NAME | |
| Personal name | Kulkarni,S.K |
| 942 ## - ADDED ENTRY ELEMENTS (KOHA) | |
| Koha item type | Book |
| Withdrawn status | Lost status | Damaged status | Not for loan | Collection | Home library | Current library | Date acquired | Source of acquisition | Cost, normal purchase price | Inventory number | Total checkouts | Full call number | Barcode | Date last seen | Price effective from | Koha item type |
|---|---|---|---|---|---|---|---|---|---|---|---|---|---|---|---|---|
| MRSPTU Central Library | MRSPTU Central Library | Krishna Book Distributors | 295.00 | KBD/2016-2017/962242808 | 615.1 DA-P | P93 | 08/17/2023 | 08/17/2023 | Book | |||||||
| MRSPTU Central Library | MRSPTU Central Library | Krishna Book Distributors | 295.00 | KBD/2016-2017/962242808 | 615.1 DA-P | P94 | 08/17/2023 | 08/17/2023 | Book | |||||||
| MRSPTU Central Library | MRSPTU Central Library | Krishna Book Distributors | 295.00 | KBD/2016-2017/962242808 | 615.1 DA-P | P95 | 08/17/2023 | 08/17/2023 | Book |
